|
|
|
|
| LEADER |
01344nam a2200241 a 4500 |
| 001 |
GR-Patra464 |
| 008 |
991022s1986 nyu 001 0 eng|c |
| 020 |
|
|
|a 0070238758
|
| 040 |
|
|
|a GrPaTEI
|b gre
|c GR-PaULI
|
| 100 |
1 |
|
|a Gottfried, Byron S.,
|d 1934-
|
| 245 |
1 |
0 |
|a Schaum's Outline of theory and problems of programming with BASIC :
|b including expanded microcomputer BASIC section /
|c Byron S. Gottfried.
|
| 250 |
|
|
|a 3rd ed.
|
| 260 |
|
|
|a New York :
|b McGraw-Hill,
|c c1986.
|
| 300 |
|
|
|a 386 σ. :
|b εικ. ;
|c 28 εκ.
|
| 490 |
0 |
|
|a Schaum's outline series
|
| 500 |
|
|
|a Περιλαμβάνει ευρετήριο.
|
| 650 |
|
0 |
|a BASIC (Computer program language)
|
| 942 |
|
|
|2 ddc
|
| 952 |
|
|
|0 0
|1 0
|2 ddc
|4 0
|6 005_133000000000000_BAS
|7 0
|9 281267
|a LISK
|b LISK
|c ALF
|d 2021-01-17
|e 24
|f 0
|g 0.00
|l 0
|o 005.133 BAS
|p 9241002959
|r 2021-01-17 00:00:00
|t 1
|w 2021-01-17
|y BK15
|x 19991024 0 1
|x GrPaTEI
|
| 952 |
|
|
|0 0
|1 0
|2 ddc
|4 0
|6 005_133000000000000_BAS
|7 0
|9 281268
|a LISK
|b LISK
|c ALF
|d 2021-01-17
|e 24
|f 0
|g 0.00
|l 0
|o 005.133 BAS
|p 9241002960
|r 2021-01-17 00:00:00
|t 1
|w 2021-01-17
|y BK15
|x 19991024 0 1
|x GrPaTEI
|
| 952 |
|
|
|0 0
|1 0
|2 ddc
|4 0
|6 005_133000000000000_BAS
|7 0
|9 281269
|a LISK
|b LISK
|c ALF
|d 2021-01-17
|e 24
|f 0
|g 0.00
|l 0
|o 005.133 BAS
|p 9241002961
|r 2021-01-17 00:00:00
|t 1
|w 2021-01-17
|y BK15
|x 19991024 0 1
|x GrPaTEI
|
| 971 |
|
|
|a .b26479606
|b 30-06-20
|c 23-09-16
|
| 999 |
|
|
|c 163760
|d 163760
|